Escritos políticos : 1917-1933 : La teoría general del marxismo en Gramsci /

Gespeichert in:
Bibliographische Detailangaben
1. Verfasser: Gramsci, Antonio (autor)
Weitere Verfasser: Paggi, Leonardo (introducción) (introducción), Crisafio, Raúl (traducción) (traducción)
Format: Buch
Sprache:Spanisch
Veröffentlicht: México : Pasado y Presente, 1981, c1981
Ausgabe:2a edición
Schriftenreihe:(Cuadernos de Pasado y Presente ; 54)
Schlagworte:
Tags: Tag hinzufügen
Keine Tags, Fügen Sie das erste Tag hinzu!

MARC

LEADER 00000nam^a2200000^a^4500
001 000388502
005 20250521000000.0
009 20260526143050.682
020 |a 968-23-1030-X 
037 |a Acervo Xavier Clavigero 
041 |a ESP 
082 |a 146. 3223  |b GRA OBR ESC 
100 |a Gramsci, Antonio  |e (autor) 
240 1 1 |a [Escritos políticos de Antonio Gramsci] 
245 1 0 |a Escritos políticos :  |b 1917-1933 : La teoría general del marxismo en Gramsci /  |c A. Gramsci ; introd. de L. Paggi ; tr. por R. Crisafio. 
250 |a 2a edición  |b corregida 
264 4 |a México :  |b Pasado y Presente,  |c 1981, c1981 
300 |a 386 p. 
336 |a texto  |b txt  |2 rdacontenido 
337 |a sin mediación  |b n  |2 rdamedio 
338 |a volumen  |b nc  |2 rdasoporte 
440 1 |a (Cuadernos de Pasado y Presente ;  |v 54) 
545 0 |a Antonio Gramsci (1891-1937), teórico marxista y político italiano. Fundador del diario L'Ordine Nuovo. En 1924 ocupa el cargo de secretario general del Partido Comunista Italiano. Es detenido en 1926 y condenado a veinte años de prisión. Excarcelado sólo para ser internado en una clínica de Roma, donde murió. Durante su reclusión escribió diferentes ensayos que fueron agrupados bajo el título Cuadernos de la cárcel. Sus líneas de investigación giraron en torno al papel de los intelectuales, de la cultura popular, del aparato de estado y la hegemonía, y la función transformadora de la filosofía de la praxis. 
561 |a Ex libris de Instituto de Literatura Puente Grande, Jal. 
561 |a Ex libris de Bibl. Iunioratus Dom. Prob. S. Ioseph 
649 |a XX 
650 |a Filósofos Italianos 
650 |a Partidos de Izquierda -  |z Italia 
650 |a Partidos Políticos -  |z Italia 
650 |a Dialéctica 
650 |a Idealismo -  |x Historia y Crítica 
650 |a Fascismo -  |z Italia -  |x Historia 
650 |a Marxismo -  |x Teoría -  |x Tema Principal 
650 |a Derecho 
650 |a Política -  |z Italia -  |x Historia 
650 |a Política 
650 |a Filosofía del Siglo XX -  |x Historia y Crítica 
650 |a Filosofía Italiana -  |x Historia y Crítica 
650 |a Marx, Karl 
650 |a Gramsci, Antonio 
740 3 |a La teoría general del marxismo en Gramsci /  |c L. Paggi. 
700 |a Paggi, Leonardo  |e (introducción) 
700 |a Crisafio, Raúl  |e (traducción) 
910 |a Fondo General 
920 |a Impresos - Libros 
930 |a Colección General 
905 |a 101 
901 |a 002859  |b IT1  |c ACC  |u 20250521 
901 |a 018214  |b IT1  |c ACC  |u 20250521 
902 |a https://opac.biblio.iteso.mx/vufind/Record/000388502